000 00553nam a2200181Ia 4500
005 20250508162151.0
008 008 250505s9999 xx 000 0 eng d
037 _aBooks to be hide in OPAC
040 _aFEDL
_beng
_cFEDL
041 _aeng
_2eng
084 _a375, UNE/O
_qFEDL
100 _aLewy Arieh
_991139
245 0 _aPlanning the school curriculum
260 _aParis, France
_bUnited Nations Educational, Scientific and Cultural Organization
_c1977
300 _a82p.
942 _cHB
_h375, UNE/O
999 _c1374779
_d1374779